Southville International School and Colleges
Your cart is empty.
  • Cart
  • Lists
    Public lists Eva Luna New books Lux_list list_1
    Your lists Log in to create your own lists
  • Log in to your account
  • Your cookies
  • Search history
Southville International School and Colleges
  • Advanced search
  • Recent comments
  • Most popular
  • Libraries

Log in to your account

Log in with GOOGLE


If you do not have an external account, but do have a local account, you can still log in:

  1. Home
  2. MARC view: Philosophy of mind :
Normal view MARC view ISBD view

Philosophy of mind : (Record no. 367931)

[ view plain ]
MARC details
000 -LEADER
fixed length control field 00803nam a22002417a 4500
003 - CONTROL NUMBER IDENTIFIER
control field 0
005 - DATE AND TIME OF LATEST TRANSACTION
control field 20250912155923.0
008 - FIXED-LENGTH DATA ELEMENTS--GENERAL INFORMATION
fixed length control field 250912b xxu||||| |||| 00| 0 eng d
020 ## - INTERNATIONAL STANDARD BOOK NUMBER
International Standard Book Number 978-1-03-201584-2
050 ## - LIBRARY OF CONGRESS CALL NUMBER
Classification number B 105.M55
Item number .A48 2024
100 ## - MAIN ENTRY--PERSONAL NAME
Personal name Alter, Torin,
Relator term author.
245 ## - TITLE STATEMENT
Title Philosophy of mind :
Remainder of title 50 puzzles, paradoxes, and thought experiments /
Statement of responsibility, etc Torin Alter, Robert J. Howell, and Amy Kind.
260 ## - PUBLICATION, DISTRIBUTION, ETC. (IMPRINT)
Place of publication, distribution, etc New York, NY :
Name of publisher, distributor, etc Routledge,
Date of publication, distribution, etc 2024.
300 ## - PHYSICAL DESCRIPTION
Extent ix, 335 pages ;
Dimensions 20 cm.
504 ## - BIBLIOGRAPHY, ETC. NOTE
Bibliography, etc Includes bibliographical references and index.
650 ## - SUBJECT ADDED ENTRY--TOPICAL TERM
Topical term or geographic name as entry element Philosophy of mind.
650 ## - SUBJECT ADDED ENTRY--TOPICAL TERM
Topical term or geographic name as entry element Thought and thinking
General subdivision Philosophy.
650 ## - SUBJECT ADDED ENTRY--TOPICAL TERM
Topical term or geographic name as entry element Thought experiments.
650 ## - SUBJECT ADDED ENTRY--TOPICAL TERM
Topical term or geographic name as entry element Paradoxes.
700 ## - ADDED ENTRY--PERSONAL NAME
Personal name Howell, Robert J.,
Relator term author.
700 ## - ADDED ENTRY--PERSONAL NAME
Personal name Kind, Amy,
Relator term author.
942 ## - ADDED ENTRY ELEMENTS (KOHA)
Source of classification or shelving scheme Library of Congress Classification
Koha item type Books
Holdings
Withdrawn status Lost status Source of classification or shelving scheme Damaged status Home library Current library Shelving location Date acquired Source of acquisition Sub Shelving location Total Checkouts Full call number Barcode Date last seen Price effective from Koha item type
    Library of Congress Classification   College Library College Library Reserve Section 06/04/2025 Library Fund     B 105.M55 .A48 2024 C25053 09/12/2025 09/12/2025 Books

Philosophy of mind :

APA

Alter T., Howell R. J. & Kind A. (2024). Philosophy of mind. New York, NY: Routledge.

Chicago

Alter Torin, Howell Robert J and Kind Amy. 2024. Philosophy of mind. New York, NY: Routledge.

Harvard

Alter T., Howell R. J. and Kind A. (2024). Philosophy of mind. New York, NY: Routledge.

MLA

Alter Torin, Howell Robert J and Kind Amy. Philosophy of mind. New York, NY: Routledge. 2024.

  • Place hold
  • Print
  • Cite
  • Add to your cart (remove)
  • Save record
    BIBTEX Dublin Core MARCXML MARC (non-Unicode/MARC-8) MARC (Unicode/UTF-8) MARC (Unicode/UTF-8, Standard) MODS (XML) RIS
  • More searches
    Search for this title in:
    Other Libraries (WorldCat) Other Databases (Google Scholar) Online Stores (Bookfinder.com) Open Library (openlibrary.org)

Exporting to Dublin Core...

SOUTHVILLE LIBRARY

Southville International School and Colleges Library

1281 Tropical Ave. Cor. Luxembourg St., BF Homes International, Las Pinas City

Tel. No. 8256374 / 252358 Loc. 117/146

Powered by Koha